Top 15 des villes les plus visitées en Europe - Statistiques

Statistiques générales
  • Ce quiz a été pris 186 fois
  • Le résultat moyen est 12 sur 15
Statistiques - réponses
Touristes (en Milliers) Villes % Correct
14981,7 Paris
100%
17383,9 Londres
98%
8780,5 Rome
98%
4178.3 Madrid
96%
4674,6 Berlin
93%
5972,8 Barcelone
91%
5714.1 Amsterdam
83%
6050.1 Milan
82%
4976.2 Moscou
72%
5422.1 Vienne
72%
6346.1 Prague
69%
5237.0 Venise
69%
4452.0 Budapest
64%
11871.2 Istanbul
52%
4278.2 Florence
37%
Aucun quiz correspondant
Distribution des résultats
% des personnes avec chaque résultat
Percentile par nombre de réponses
Votre historique - résultats
Vous n’avez pas pris ce quiz